000 00514nam a2200169 i 4500
001 80316
003 ES-MaACL
005 20230906174204.0
007 t|
008 041027s1970 sp ||||1| spa d
100 1 _aHiernaux, Jean.
_963616
245 1 0 _aRecientes descubrimientos sobre el origen del hombre /
_cJean Hiernaux ; [traducido por Isabel Carrión].
260 _aMadrid :
_bAyuso,
_c[1970]
300 _a49 p. ;
_c19 cm.
700 1 _aCarrión, Isabel.
_935799
852 _aES-MaACL
_j2078-F-1
_bR.77724
999 _c80316
_d80316